000 00427nam a2200181Ia 4500
003 OSt
005 20230517110255.0
008 210210b1909 xxu||||| |||| 00| 0 eng d
040 _cAL
041 _aFrench
082 _a444/183
100 _aMARIVAUX
_9106364
245 _aLe jeu de imour et du hasard
260 _aLondon
_bMacmillan & Co. Ltd.
_c1909
690 _aFrench
_9106368
906 _a006378
942 _2ddc
_cBK
999 _c129367
_d129367